Private higher education and public policy in Africa (Record no. 3657)

MARC details
000 -LEADER
fixed length control field 00471nam a22001457a 4500
008 - FIXED-LENGTH DATA ELEMENTS--GENERAL INFORMATION
fixed length control field 250524b |||||||| |||| 00| 0 eng d
020 ## - INTERNATIONAL STANDARD BOOK NUMBER
ISBN 9783867278218
100 ## - MAIN ENTRY--AUTHOR
Author Obasi, N. Isaac
245 ## - TITLE STATEMENT
Title Private higher education and public policy in Africa
Remainder of title A contrasting case of Nigeria and botswana
260 ## - PUBLICATION, DISTRIBUTION, ETC. (IMPRINT)
Place of publication Gottingen
Name of publisher Cuvillier verlag
Date of publication 2008
300 ## - COLLATION
Pagination xviii, 203p.
Other physical details ill.
650 ## - TRACINGS
Main Subject Higher education and state united state
942 ## - ADDED ENTRY ELEMENTS (KOHA)
Item type Books
050 ## - LIBRARY OF CONGRESS CALL NUMBER
Classification number LC173
Item number .O23
Holdings
Source of classification or shelving scheme Not for loan Permanent location Current location Date acquired Accession No. Full call number Barcode. Koha item type
Library of Congress Classification   Samuel Ogbemudia Main Library, University of Abuja Samuel Ogbemudia Main Library, University of Abuja 05/24/2025 2023/61179 LC173.O23 2025-2152 Books
Library of Congress Classification   Samuel Ogbemudia Main Library, University of Abuja Samuel Ogbemudia Main Library, University of Abuja 05/24/2025 2023/61179 LC173.O23 2025-2153 Books